Static design of the roof structure of a long-span airport building

Na minha lista:
Detalhes bibliográficos
Autor principal: Koziakis, Lazaros (Author)
Outros Autores: Dický, Jozef (Thesis advisor)
Formato: Manuscrito Livro
Idioma:eslovaco
inglês
Publicado em: 2020
Assuntos:
Acesso em linha:http://is.stuba.sk/zp/portal_zp.pl?podrobnosti=159806
https://opac.crzp.sk/?fn=detailBiblioForm&sid=23A5A917B76C11E749ABE880CF65
Tags: Adicionar Tag
Sem tags, seja o primeiro a adicionar uma tag!

MARC

LEADER 00000ntm a22000003a 4500
001 stuzp77769
003 SK-STU
005 20230519101147.4
007 ta
008 150427s2015----xo-----f-mn---000-0-slo-d
040 |a STU  |b slo 
041 0 |a eng 
100 1 |a Koziakis, Lazaros  |u 010250  |4 aut  |U SvF Stavebná fakulta  |T SvF Katedra stavebnej mechaniky  |X 94010  |U V250  |Y 26  |7 94010 
242 0 1 |a Staticka analyza zastresenia budovy letiskoveho terminalu  |y slo 
245 1 0 |a Static design of the roof structure of a long-span airport building 
260 |c 2020 
650 4 |a velkorozponove konstrukcie  |2 slo 
650 4 |a priestorove mriezkove skrupiny  |2 slo 
650 4 |a metoda konecnych prvkov  |2 slo 
650 4 |a long span building  |2 eng 
650 4 |a spatial lattice structure  |2 eng 
650 4 |a Finite element method  |2 eng 
700 1 |a Dický, Jozef  |4 ths  |X 976  |7 A000000976 
856 4 |u http://is.stuba.sk/zp/portal_zp.pl?podrobnosti=159806 
856 4 |u https://opac.crzp.sk/?fn=detailBiblioForm&sid=23A5A917B76C11E749ABE880CF65